Normal view MARC view

Entry Personal Name

Number of records used in: 1

001 - CONTROL NUMBER

  • control field: 564468

003 - CONTROL NUMBER IDENTIFIER

  • control field: OSt

005 - DATE AND TIME OF LATEST TRANSACTION

  • control field: 20220930195920.0

008 - FIXED-LENGTH DATA ELEMENTS

  • fixed length control field: 220930|| aca||aabn | a|a d

040 ## - CATALOGING SOURCE

  • Original cataloging agency: OSt
  • Transcribing agency: OSt

100 ## - HEADING--PERSONAL NAME

  • Personal name: Bhardwaj Shailendra Kumar

670 ## - SOURCE DATA FOUND

  • Source citation: Work cat.: (OSt)899854: Bhardwaj Shailendra Kumar, Banabhatt ki atmakatha mein mukti ka swarup, 1992
Copyright @ Delhi University Library System